000 01495cam a2200337 i 4500
001 17318710
003 EG-ScBUE
005 20241027113203.0
008 120525t2012 maua f b 001 0 eng d
020 _a9780123869425
040 _aDLC
_beng
_erda
_cDLC
_dDLC
_dEG-ScBUE
082 0 4 _a518.028553
_222
_bLIN
100 1 _aLindfield, G. R.
_q(George R.)
_eauthor.
245 1 0 _aNumerical methods :
_busing MATLAB /
_cG. R. Lindfield, J. E. T. Penny.
250 _aThird edition.
264 1 _aWaltham, MA ;
_aOxford :
_bAcademic Press / Elsevier,
_c[2012]
264 4 _cc2012
300 _axviii, 534 pages :
_billustrations ;
_c24 cm
336 _2rdacontent
_atext
_btxt
337 _aunmediated
_2rdamedia
_bn
338 _avolume
_bnc
_2rdacarrier
500 _aPenny's name appears first on the earlier edition.
504 _aIncludes bibliographical references and index.
505 8 _aMachine generated contents note: An Introduction to Matlab Linear Equations and Eigensystems Solution of Non-linear Equations Differentiation and Integration Solution of Differential Equations Boundary Value Problems Fitting Functions to Data Optimization Methods Applications of the Symbolic Toolbox Appendix A - Matrix Algebra Appendix B - Error Analysis.
630 0 7 _aMATLAB.
_2BUEsh
_9826
650 7 _aNumerical analysis
_xData processing.
_2BUEsh
_911374
653 _bENGGEN
_cOctober2016
655 _vReading book
700 1 _aPenny, J. E. T.
_q(John E. T.)
_eauthor.
942 _2ddc
_cBB
999 _c22913
_d22885